La retorica antica.
Պահպանված է:
| Հիմնական հեղինակ: | |
|---|---|
| Ձևաչափ: | Գիրք |
| Հրապարակվել է: |
Milano, Italia:
Bompiani,
1996.
|
| Շարք: | Saggi Tascabili,
|
| Խորագրեր: | |
| Ցուցիչներ: |
Ավելացրեք ցուցիչ
Չկան պիտակներ, Եղեք առաջինը, ով նշում է այս գրառումը!
|
MARC
| LEADER | 00000nam a22000007a 4500 | ||
|---|---|---|---|
| 003 | CL-VaPUC | ||
| 005 | 20250121100409.0 | ||
| 008 | 220804t ||||| |||| 00| 0 eng d | ||
| 999 | |c 438005 |d 438003 | ||
| 020 | |a 88-452-1993-3 | ||
| 040 | |c Pontificia Universidad Católica de Valparaíso | ||
| 082 | |a 808.048 BAR 1996 | ||
| 100 | |a Barthes, Roland |e autore |9 265510 | ||
| 245 | 1 | 2 | |a La retorica antica. |
| 260 | |a Milano, Italia: |b Bompiani, |c 1996. | ||
| 300 | |a 117 páginas. | ||
| 490 | |a Saggi Tascabili, |n 18. | ||
| 500 | |a c.1 Donación Familia Prof. Alejandro Guzmán Brito. | ||
| 583 | |c 20220804 |k Cristina María Rojas Aguilar | ||
| 650 | |a Retórica griega |x Historia |9 874860 | ||
| 650 | |a Retórica latina |x Historia |9 874861 | ||
| 942 | |2 ddc |c BK |n 0 | ||
| 952 | |0 0 |1 0 |2 ddc |4 0 |6 808_048000000000000_BAR_1996 |7 0 |8 C_AGB |9 585871 |a BIBDER |b BIBDER |d 2022-08-04 |e Donación |i 5653808 |o 808.048 BAR 1996 |p 5653808 |r 2023-01-25 |t 1 |w 2022-08-04 |y BK_US |k AGB | ||